000 00463nam a2200229Ia 4500
003 IT-RoPAU
008 120407s9999 xx 000 0 und d
040 _aIT-RoPAU
040 _cIT-RoPAU
041 _aita
100 _aPietro Chiminelli
245 _aVita di Gesù
250 _aFirenze
260 _aSalani
260 _c1940
300 _a591 p.
300 _c16 cm
490 _aI Vittoriosi, 5
490 _v1
942 _cBK
999 _c35937
_d35937